Indians ,Everyone Should Know #1 - Statistics

General Stats
  • This quiz has been taken 10 times
  • The average score is 6 of 14
Answer Stats
Picture Answer % Correct
Pt. Ravi Shankar
70%
Satyajit Ray
70%
Srinivas Ramanujan
70%
Subhash Chandra Bose
70%
Chanakya/Vishnugupt
60%
Sam Manekshaw
60%
Vikram A Sarabhai
50%
Vinayak Damodar Savarkar
40%
Bankim Chandra Chattopaadhyaay/Chatterjee
30%
Homi J Bhabha
30%
Maharani Ahilyabai Holkar
20%
Lachit Borphukan
0%
Rani Gaidinliu
0%
R K Laxman
0%
No matching quizzes found
Score Distribution
Percent of People with Each Score
Percentile by Number Answered
Your Score History
You have not taken this quiz